[Event "North Bay int."]
[Site "North Bay CAN"]
[Date "1996.08.11"]
[Round "8"]
[White "Linn, Peter"]
[Black "Jung, Hans"]
[Result "1/2-1/2"]
[WhiteElo "2081"]
[BlackElo "2327"]
[PlyCount "120"]
[EventDate "1996.08.07"]
[EventType "swiss"]
[EventRounds "9"]
[EventCountry "CAN"]

1. e4 c5 2. Nc3 e5 3. g3 g6 4. Bg2 Bg7 5. d3 d6 6. Be3 Be6 7. Qd2 Qd7 8. Nd5
Nc6 9. Ne2 Nd4 10. Ng1 Bxd5 11. exd5 Nf5 12. Ne2 Nxe3 13. Qxe3 Bh6 14. f4 Ne7
15. O-O O-O 16. Qf3 exf4 17. Nxf4 Qa4 18. c3 Qb5 19. Rab1 Rae8 20. Bh3 Bxf4 21.
gxf4 f5 22. Rfe1 c4 23. dxc4 Qxc4 24. Bf1 Qxa2 25. Bb5 Rd8 26. Qd3 Rf7 27. Ra1
Qxd5 28. Qxd5 Nxd5 29. Bc4 Nxf4 30. Bxf7+ Kxf7 31. Rxa7 Rd7 32. Ra8 Ne6 33. Rb8
g5 34. Ra1 Kg6 35. Ra7 Nd8 36. Raa8 Nc6 37. Rg8+ Kh5 38. Raf8 Kg4 39. h3+ Kf4
40. Rf6 Re7 41. Kf2 d5 42. Rgf8 Re5 43. R8f7 h5 44. Rxb7 g4 45. hxg4 hxg4 46.
Rxc6 g3+ 47. Kf1 Kf3 48. Rg7 f4 49. Rf6 Rh5 50. Ke1 Rh1+ 51. Kd2 Rh2+ 52. Kd3
g2 53. b4 Rh3 54. Rxg2 Kxg2+ 55. Kd4 f3 56. Ke3 f2+ 57. Ke2 Rxc3 58. Rxf2+ Kg3
59. Rf5 Rb3 60. Rxd5 Rxb4 1/2-1/2

[Event "North Bay int."]
[Site "North Bay CAN"]
[Date "1996.08.11"]
[Round "8"]
[White "Marshall, Peter"]
[Black "Pacey, Kevin"]
[Result "1-0"]
[WhiteElo "2251"]
[BlackElo "2297"]
[PlyCount "77"]
[EventDate "1996.08.07"]
[EventType "swiss"]
[EventRounds "9"]
[EventCountry "CAN"]

1. d4 Nc6 2. e4 d5 3. e5 Bf5 4. c3 e6 5. Ne2 Nge7 6. Ng3 Bg6 7. Be2 Qd7 8. O-O
Nf5 9. a4 f6 10. Nxf5 Bxf5 11. exf6 gxf6 12. f4 O-O-O 13. b4 Rg8 14. Be3 Qg7
15. Bf3 Qg6 16. a5 Bc2 17. Qd2 Be4 18. Qb2 Bxf3 19. Rxf3 Bd6 20. Na3 Qe4 21.
Raf1 Ne7 22. Nb5 Kb8 23. Nxd6 cxd6 24. Kh1 Rg7 25. Bf2 Rdg8 26. Re1 Qf5 27. Bg3
h5 28. Qf2 Qg4 29. h3 Qf5 30. Rfe3 h4 31. Bxh4 Rxg2 32. Qxg2 Rxg2 33. Kxg2 Qg6+
34. Bg5 fxg5 35. Rxe6 Qc2+ 36. R1e2 Qxc3 37. Rxe7 gxf4 38. Re8+ Kc7 39. R2e7+
1-0

[Event "North Bay int."]
[Site "North Bay CAN"]
[Date "1996.08.11"]
[Round "8"]
[White "Morrell, Gord"]
[Black "Boross-Harmer, Peter"]
[Result "1-0"]
[WhiteElo "2226"]
[BlackElo "2051"]
[PlyCount "53"]
[EventDate "1996.08.07"]
[EventType "swiss"]
[EventRounds "9"]
[EventCountry "CAN"]

1. d4 d5 2. c4 e6 3. Nc3 Nf6 4. Bg5 Be7 5. e3 Nbd7 6. Qc2 c6 7. Nf3 O-O 8. cxd5
Nxd5 9. Bxe7 Qxe7 10. a3 N7f6 11. Bd3 Bd7 12. O-O Rfc8 13. e4 Nxc3 14. bxc3 g6
15. e5 Ne8 16. Qd2 Kg7 17. Rfe1 c5 18. Re4 f5 19. exf6+ Nxf6 20. Rh4 Ng8 21.
Re1 Rf8 22. Qg5 cxd4 23. Rxh7+ Kxh7 24. Qxg6+ Kh8 25. Qh5+ Kg7 26. Qh7+ Kf6 27.
Qg6# 1-0

[Event "North Bay int."]
[Site "North Bay CAN"]
[Date "1996.08.11"]
[Round "8"]
[White "Ristovic, Nenad"]
[Black "Linskiy, Oleg"]
[Result "0-1"]
[WhiteElo "2302"]
[BlackElo "2390"]
[PlyCount "72"]
[EventDate "1996.08.07"]
[EventType "swiss"]
[EventRounds "9"]
[EventCountry "CAN"]

1. d4 Nf6 2. c4 c5 3. d5 b5 4. cxb5 a6 5. f3 e6 6. dxe6 fxe6 7. e4 d5 8. e5
Nfd7 9. f4 c4 10. Nc3 Bc5 11. Qg4 Qe7 12. Nf3 O-O 13. Ne2 axb5 14. Ned4 Bxd4
15. Nxd4 Qb4+ 16. Ke2 Nc5 17. a3 Qa4 18. Ke1 Qa6 19. Bd2 Nc6 20. Nxc6 Qxc6 21.
Bb4 Rd8 22. Qf3 Ne4 23. g3 Bb7 24. Bg2 Qe8 25. Qe2 Qg6 26. Bxe4 dxe4 27. Bd6 b4
28. Qe3 c3 29. bxc3 bxc3 30. Rc1 Rac8 31. Rg1 Ba6 32. Rxc3 Rxc3 33. Qxc3 Rc8
34. Qe3 Rc2 35. Qb3 e3 36. g4 Rc1+ 0-1

[Event "North Bay int."]
[Site "North Bay CAN"]
[Date "1996.08.11"]
[Round "8"]
[White "Saleh, Maher"]
[Black "Allan, Denis"]
[Result "1/2-1/2"]
[WhiteElo "2280"]
[BlackElo "2384"]
[PlyCount "75"]
[EventDate "1996.08.07"]
[EventType "swiss"]
[EventRounds "9"]
[EventCountry "CAN"]

1. Nf3 c5 2. g3 Nc6 3. d4 cxd4 4. Nxd4 g6 5. Bg2 Bg7 6. Nb3 Nf6 7. Nc3 O-O 8.
O-O d6 9. Re1 Rb8 10. h3 d5 11. Be3 e6 12. a4 Re8 13. Qc1 e5 14. Rd1 d4 15. Bg5
Be6 16. Nc5 Qc7 17. Nb5 Qb6 18. Nxe6 Rxe6 19. e3 h6 20. exd4 hxg5 21. d5 Re7
22. dxc6 bxc6 23. Nc3 g4 24. a5 Qc7 25. hxg4 Nxg4 26. Ra4 Nf6 27. Rc4 Qxa5 28.
Rxc6 e4 29. Rdd6 Qe5 30. Qf4 Qxf4 31. gxf4 Ne8 32. Rd1 Nf6 33. Rdd6 Rxb2 34.
Rxf6 Bxf6 35. Nd5 Rb1+ 36. Kh2 Bh4 37. Nxe7+ Bxe7 38. Bxe4 1/2-1/2

[Event "North Bay int."]
[Site "North Bay CAN"]
[Date "1996.08.11"]
[Round "8"]
[White "Salman, Joel"]
[Black "Hum, Peter"]
[Result "1-0"]
[WhiteElo "2356"]
[BlackElo "2234"]
[PlyCount "73"]
[EventDate "1996.08.07"]
[EventType "swiss"]
[EventRounds "9"]
[EventCountry "CAN"]

1. d4 e6 2. c4 f5 3. g3 Nf6 4. Bg2 c6 5. Nc3 d5 6. Nf3 Bd6 7. Bf4 Bxf4 8. gxf4
O-O 9. e3 Qe7 10. Ne5 Nbd7 11. Qe2 Ne4 12. Bxe4 fxe4 13. O-O-O Nxe5 14. dxe5 b6
15. cxd5 exd5 16. Rhg1 a5 17. Rg5 Ra7 18. Rdg1 Rf7 19. Qd1 b5 20. Ne2 Qe8 21.
Ng3 a4 22. Nh5 Kh8 23. Qd4 c5 24. Qxd5 Be6 25. Qxe4 h6 26. Rg6 Bf5 27. Qc6 Qf8
28. Rd6 a3 29. b3 Rac7 30. Qd5 Rfd7 31. e4 Bh3 32. Rg3 c4 33. b4 Rxd6 34. Qxd6
Qc8 35. Nxg7 Rxg7 36. Qxh6+ Rh7 37. Qf6+ 1-0

[Event "North Bay int."]
[Site "North Bay CAN"]
[Date "1996.08.11"]
[Round "8"]
[White "Shernoff, Leon"]
[Black "Zendrowski, Jay"]
[Result "0-1"]
[WhiteElo "2100"]
[BlackElo "2224"]
[PlyCount "72"]
[EventDate "1996.08.07"]
[EventType "swiss"]
[EventRounds "9"]
[EventCountry "CAN"]

1. e4 c5 2. Nf3 d6 3. d4 cxd4 4. Nxd4 Nf6 5. Nc3 a6 6. Be2 e6 7. Be3 Be7 8. Qd2
Qc7 9. g4 Nc6 10. g5 Nd7 11. f4 b5 12. a3 Bb7 13. Bg4 Nc5 14. b4 Nxd4 15. Bxd4
Nxe4 16. Nxe4 Bxe4 17. O-O Qxc2 18. Qxc2 Bxc2 19. Rac1 Bd3 20. Bf3 d5 21. Rfd1
Bc4 22. Bxg7 Rg8 23. Bd4 h6 24. h4 hxg5 25. hxg5 Bd6 26. Be3 O-O-O 27. Bg4 Kb7
28. Bh5 Rg7 29. Kf2 Bc7 30. Bd4 Rh7 31. g6 Rxh5 32. g7 Rg8 33. Rh1 Rxh1 34.
Rxh1 Bb6 35. Bxb6 Kxb6 36. Rh7 Bd3 0-1

[Event "North Bay int."]
[Site "North Bay CAN"]
[Date "1996.08.11"]
[Round "8"]
[White "Southam, David"]
[Black "Winterton, Ken"]
[Result "1/2-1/2"]
[WhiteElo "2308"]
[BlackElo "2015"]
[PlyCount "127"]
[EventDate "1996.08.07"]
[EventType "swiss"]
[EventRounds "9"]
[EventCountry "CAN"]

1. e4 e5 2. Nc3 Bc5 3. Nf3 d6 4. Na4 Bb6 5. Nxb6 axb6 6. d4 Qe7 7. Bc4 Nf6 8.
O-O h6 9. Re1 g5 10. c3 Nbd7 11. Qd3 Nf8 12. Be3 Be6 13. dxe5 Bxc4 14. Qxc4
dxe5 15. Nxe5 Ne6 16. Qb5+ Kf8 17. Qd3 Rd8 18. Qc2 Kg7 19. Nf3 c5 20. Nd2 b5
21. Nf1 Qc7 22. Ng3 Qe5 23. Nf5+ Kh7 24. f3 Ng7 25. Qf2 b6 26. Nxg7 Kxg7 27.
Rad1 Rd6 28. Rxd6 Qxd6 29. Qe2 Qc6 30. Rd1 Ra8 31. a3 Ra7 32. c4 bxc4 33. Qxc4
Rd7 34. Rc1 Qd6 35. b4 Qd3 36. Qxd3 Rxd3 37. Kf2 Rxa3 38. bxc5 Ra2+ 39. Kf1
bxc5 40. Bxc5 Nh5 41. Bd4+ f6 42. Rc7+ Kg8 43. g4 Nf4 44. Bxf6 Rxh2 45. Rg7+
Kf8 46. e5 Rh1+ 47. Kf2 Rh2+ 48. Ke1 Rh1+ 49. Kd2 Rh2+ 50. Kc1 Rf2 51. Rh7 Rxf3
52. Rxh6 Kf7 53. Rh7+ Ke6 54. Re7+ Kd5 55. Rd7+ Ke4 56. Rd6 Nd3+ 57. Kb1 Nxe5
58. Re6 Rb3+ 59. Kc2 Rb5 60. Bxg5 Kf3 61. Bf6 Nxg4 62. Bd4 Rd5 63. Kc3 Rd7 64.
Re8 1/2-1/2

[Event "North Bay int."]
[Site "North Bay CAN"]
[Date "1996.08.11"]
[Round "8"]
[White "Thiele, Frank"]
[Black "Guo, Joshua"]
[Result "1/2-1/2"]
[WhiteElo "2108"]
[BlackElo "2209"]
[PlyCount "77"]
[EventDate "1996.08.07"]
[EventType "swiss"]
[EventRounds "9"]
[EventCountry "CAN"]

1. e4 c5 2. Nf3 d6 3. d4 cxd4 4. Nxd4 Nf6 5. Nc3 g6 6. f3 Bg7 7. Be3 Nc6 8. Qd2
O-O 9. O-O-O d5 10. Nxc6 bxc6 11. e5 Nd7 12. f4 f6 13. Nxd5 fxe5 14. fxe5 Rb8
15. Nf6+ exf6 16. Bc4+ Kh8 17. e6 f5 18. Bb3 Qf6 19. Bd4 Qxd4 20. Qxd4 Bxd4 21.
exd7 Be3+ 22. Kb1 Bb7 23. Rd3 Bg5 24. h4 Bf6 25. h5 g5 26. h6 c5 27. Rhd1 Bxg2
28. Rd6 Bd8 29. Re6 Bb6 30. Ba4 Be4 31. Re8 Rd8 32. Rd6 c4 33. Rf6 Rg8 34. Rf7
Bc5 35. Rg7 Rf8 36. Rf7 Rg8 37. Rg7 Rf8 38. Rf7 Rg8 39. Rg7 1/2-1/2

[Event "North Bay int."]
[Site "North Bay CAN"]
[Date "1996.08.11"]
[Round "8"]
[White "Vera, Reynaldo"]
[Black "Morovic Fernandez, Ivan"]
[Result "1/2-1/2"]
[WhiteElo "2517"]
[BlackElo "2590"]
[PlyCount "37"]
[EventDate "1996.08.07"]
[EventType "swiss"]
[EventRounds "9"]
[EventCountry "CAN"]

1. d4 Nf6 2. c4 c5 3. Nf3 cxd4 4. Nxd4 e6 5. Nc3 Bb4 6. g3 O-O 7. Bg2 d5 8.
cxd5 Nxd5 9. Bd2 Bxc3 10. bxc3 e5 11. Nc2 Nc6 12. Nb4 Nde7 13. O-O Be6 14. Be3
Qc7 15. Bc5 Rfd8 16. Qa4 Nxb4 17. cxb4 Nd5 18. Rfc1 Qd7 19. Qxd7 1/2-1/2

[Event "North Bay int."]
[Site "North Bay CAN"]
[Date "1996.08.11"]
[Round "8"]
[White "Wen, Jean-Francois"]
[Black "Powell, Bryson"]
[Result "1/2-1/2"]
[WhiteElo "2214"]
[BlackElo "2084"]
[PlyCount "37"]
[EventDate "1996.08.07"]
[EventType "swiss"]
[EventRounds "9"]
[EventCountry "CAN"]

1. c4 e5 2. Nc3 Nc6 3. Nf3 Nf6 4. g3 d5 5. cxd5 Nxd5 6. Bg2 Be6 7. O-O Be7 8.
d4 exd4 9. Nxd4 Nxd4 10. Qxd4 Nxc3 11. bxc3 Qxd4 12. cxd4 O-O-O 13. Rd1 f5 14.
Bf4 Bd6 15. Bg5 Rde8 16. Rab1 b6 17. d5 Bd7 18. Be3 g5 19. Bd4 1/2-1/2

[Event "North Bay int."]
[Site "North Bay CAN"]
[Date "1996.08.11"]
[Round "9"]
[White "Acker, Robert"]
[Black "Bell, Adam"]
[Result "1/2-1/2"]
[WhiteElo "2100"]
[BlackElo "1925"]
[PlyCount "136"]
[EventDate "1996.08.07"]
[EventType "swiss"]
[EventRounds "9"]
[EventCountry "CAN"]

1. d4 Nf6 2. Nf3 g6 3. c4 Bg7 4. Nc3 O-O 5. e4 d6 6. Be2 e5 7. dxe5 dxe5 8.
Qxd8 Rxd8 9. Bg5 Re8 10. Bxf6 Bxf6 11. Nd5 Bd8 12. O-O c6 13. Nc3 Nd7 14. b4
Be7 15. Rab1 f6 16. a4 a5 17. b5 Bb4 18. Na2 Bd6 19. Rfd1 Bc7 20. Nc3 Nc5 21.
Nd2 Be6 22. Nb3 Nxb3 23. Rxb3 Rad8 24. bxc6 bxc6 25. Rb7 Rxd1+ 26. Nxd1 Bd8 27.
Ne3 Re7 28. Rb8 Rd7 29. Kf1 Kg7 30. Ke1 Be7 31. Nc2 Ra7 32. Rb6 Bd7 33. Bd1 Bc5
34. Rb8 Bd6 35. Rb6 Bc7 36. Rb2 Bc8 37. Be2 Rb7 38. Rxb7 Bxb7 39. Kd2 Bb6 40.
f3 Kf7 41. Ne1 Bg1 42. h3 Ke6 43. Nd3 Ba6 44. Nc1 Bc8 45. Nb3 Bb6 46. c5 Bc7
47. Bc4+ Ke7 48. Kc3 Be6 49. Nd2 Bxc4 50. Kxc4 Ke6 51. Kd3 f5 52. Nc4 h5 53. g3
g5 54. g4 fxg4 55. fxg4 h4 56. Ne3 Bd8 57. Kc4 Be7 58. Nd1 Kd7 59. Nb2 Bd8 60.
Nd3 Ke6 61. Nc1 Bc7 62. Nd3 Bd8 63. Ne1 Be7 64. Nf3 Bf6 65. Nh2 Be7 66. Nf1 Kd7
67. Ne3 Ke6 68. Nf5 Bf8 1/2-1/2

[Event "North Bay int."]
[Site "North Bay CAN"]
[Date "1996.08.11"]
[Round "9"]
[White "Allan, Denis"]
[Black "Dougherty, Michael"]
[Result "1-0"]
[WhiteElo "2384"]
[BlackElo "2310"]
[PlyCount "74"]
[EventDate "1996.08.07"]
[EventType "swiss"]
[EventRounds "9"]
[EventCountry "CAN"]

1. g3 c5 2. Bg2 g6 3. Nf3 Bg7 4. d4 cxd4 5. Nxd4 Nc6 6. Nxc6 bxc6 7. c4 Rb8 8.
Qc2 c5 9. Nc3 Nf6 10. O-O O-O 11. b3 Bb7 12. e4 Ne8 13. Be3 d6 14. Rad1 Rc8 15.
Rfe1 f5 16. Nd5 Bxd5 17. Rxd5 e6 18. Rdd1 Qe7 19. Qd2 Kh8 20. Re2 Qf7 21. f4 e5
22. fxe5 Bxe5 23. Bh3 Ng7 24. Rf1 Rce8 25. Kh1 Qb7 26. Bg2 fxe4 27. Rxf8+ Rxf8
28. Bg1 Nf5 29. Bxe4 Qg7 30. Bxf5 Rxf5 31. Qd5 h5 32. Rf2 Rxf2 33. Bxf2 Kh7 34.
Kg2 Qe7 35. h4 Kg7 36. Qe4 Qf7 37. Bxc5 Qf6 1-0

[Event "North Bay int."]
[Site "North Bay CAN"]
[Date "1996.08.11"]
[Round "9"]
[White "Balandin, Aleksey"]
[Black "Ciaffone, Robert"]
[Result "1-0"]
[WhiteElo "2448"]
[BlackElo "2287"]
[PlyCount "49"]
[EventDate "1996.08.07"]
[EventType "swiss"]
[EventRounds "9"]
[EventCountry "CAN"]

1. e4 c5 2. b3 Nc6 3. Bb2 d6 4. Bb5 e5 5. Bxc6+ bxc6 6. d3 Ne7 7. Ne2 Ng6 8.
O-O Be7 9. f4 Nxf4 10. Nxf4 exf4 11. Rxf4 O-O 12. Nd2 d5 13. Qe2 Bg5 14. Rf2 d4
15. Nf1 Be6 16. Bc1 Bh4 17. Ng3 Bxg3 18. hxg3 Qd7 19. Qh5 f5 20. exf5 Bxf5 21.
Ba3 g6 22. Qh6 Qe7 23. Raf1 Rfe8 24. Bc1 Rf8 25. Bg5 1-0

[Event "North Bay int."]
[Site "North Bay CAN"]
[Date "1996.08.11"]
[Round "9"]
[White "Bidal, Jay"]
[Black "Linn, Peter"]
[Result "1/2-1/2"]
[WhiteElo "2288"]
[BlackElo "2081"]
[PlyCount "24"]
[EventDate "1996.08.07"]
[EventType "swiss"]
[EventRounds "9"]
[EventCountry "CAN"]

1. f4 d5 2. g3 Nc6 3. Bg2 e5 4. d3 Nf6 5. Nh3 Bf5 6. e3 Bg4 7. Qd2 Qd7 8. Nf2
exf4 9. gxf4 O-O-O 10. Na3 Bc5 11. O-O Rhg8 12. d4 Bxa3 1/2-1/2

[Event "North Bay int."]
[Site "North Bay CAN"]
[Date "1996.08.11"]
[Round "9"]
[White "Bugbee, Brian"]
[Black "Filipovich, David"]
[Result "1/2-1/2"]
[WhiteElo "2013"]
[BlackElo "2299"]
[PlyCount "74"]
[EventDate "1996.08.07"]
[EventType "swiss"]
[EventRounds "9"]
[EventCountry "CAN"]

1. e4 c6 2. d4 d5 3. Nc3 dxe4 4. Nxe4 Nf6 5. Nxf6+ gxf6 6. Nf3 Bf5 7. Bd3 Nd7
8. Bxf5 Qa5+ 9. Bd2 Qxf5 10. c3 Rg8 11. g3 e5 12. O-O O-O-O 13. Qe2 h5 14. Nh4
Qh3 15. Qxh5 Bd6 16. f4 Rh8 17. Qf3 Rdg8 18. Kh1 e4 19. Qf2 f5 20. Rg1 Nf6 21.
Rae1 Ng4 22. Qg2 Rxh4 23. gxh4 Qxh4 24. Re2 Rh8 25. Qg3 Qh6 26. Rgg2 Qe6 27. b3
Be7 28. Qe1 Qd5 29. c4 Qe6 30. Rxg4 fxg4 31. Rxe4 Qh6 32. Qe2 g3 33. Qg4+ f5
34. Qxf5+ Kd8 35. Re2 gxh2 36. Qe4 Qh4 37. Qg2 Qf6 1/2-1/2

[Event "North Bay int."]
[Site "North Bay CAN"]
[Date "1996.08.11"]
[Round "9"]
[White "Campbell, Brett"]
[Black "Khoudgarian, Natalia"]
[Result "1-0"]
[WhiteElo "2295"]
[BlackElo "2215"]
[PlyCount "69"]
[EventDate "1996.08.07"]
[EventType "swiss"]
[EventRounds "9"]
[EventCountry "CAN"]
[Source "ChessBase"]
[SourceDate "1997.11.17"]

1. Nc3 d5 2. e4 d4 3. Nce2 c5 4. Ng3 Nc6 5. Nf3 g6 6. Bc4 Bg7 7. d3 Nf6 8. Bd2
O-O 9. h3 Na5 10. O-O Nxc4 11. dxc4 Qc7 12. Qe2 b5 13. e5 Nd7 14. e6 fxe6 15.
cxb5 Qb6 16. Rae1 a6 17. a4 axb5 18. axb5 Nf6 19. c4 dxc3 20. bxc3 c4 21. Qxc4
Bd7 22. Nd4 Nd5 23. Nc6 Rfc8 24. Qe2 Bxc6 25. Qxe6+ Kh8 26. c4 Be8 27. Qxd5 Rd8
28. Be3 Qc7 29. Qe6 Ra4 30. Bb6 Qxc4 31. Qxc4 Rxc4 32. Bxd8 Rc8 33. Bxe7 Bxb5
34. Rc1 Re8 35. Rfe1 1-0

[Event "North Bay int."]
[Site "North Bay CAN"]
[Date "1996.08.11"]
[Round "9"]
[White "Ceterski, Tom"]
[Black "Shernoff, Leon"]
[Result "0-1"]
[WhiteElo "2015"]
[BlackElo "2100"]
[PlyCount "104"]
[EventDate "1996.08.07"]
[EventType "swiss"]
[EventRounds "9"]
[EventCountry "CAN"]

1. d4 d5 2. c4 c6 3. Nc3 Nf6 4. cxd5 cxd5 5. Nf3 Nc6 6. Bf4 Bf5 7. e3 Qb6 8.
Bd3 Qxb2 9. Bxf5 Qxc3+ 10. Nd2 e6 11. Rc1 Qa3 12. Bb1 Qa6 13. Qb3 Bb4 14. Bd3
Qa5 15. O-O O-O 16. Nf3 Nh5 17. Bg3 Nxg3 18. hxg3 Rac8 19. Rc2 Rc7 20. Ra1 Rfc8
21. a3 Bf8 22. Qb2 g6 23. Nd2 a6 24. Nb3 Qa4 25. Nc5 Bxc5 26. Rxc5 Na5 27. Qb4
Qxb4 28. axb4 Nb3 29. Rxc7 Rxc7 30. Rb1 Rc1+ 31. Rxc1 Nxc1 32. Bb1 Ne2+ 33. Kf1
Nc3 34. Bc2 Kf8 35. Bb3 Ke7 36. Ke1 Kd6 37. f3 h5 38. Kd2 Nb1+ 39. Kc2 Na3+ 40.
Kc3 b5 41. Kd3 Nc4 42. Bc2 a5 43. bxa5 Nxa5 44. Kc3 Nc4 45. e4 Ne3 46. Bd3 g5
47. Bxb5 h4 48. gxh4 gxh4 49. exd5 Kxd5 50. Kd3 Nxg2 51. Bc4+ Kd6 52. Ke4 f5+
0-1

[Event "North Bay int."]
[Site "North Bay CAN"]
[Date "1996.08.11"]
[Round "9"]
[White "Day, Lawrence"]
[Black "Southam, Todd"]
[Result "1-0"]
[WhiteElo "2444"]
[BlackElo "2398"]
[PlyCount "102"]
[EventDate "1996.08.07"]
[EventType "swiss"]
[EventRounds "9"]
[EventCountry "CAN"]

1. e4 e5 2. f4 d5 3. exd5 exf4 4. Nf3 Nf6 5. Bb5+ c6 6. dxc6 Nxc6 7. d4 Bd6 8.
O-O O-O 9. Nc3 Bg4 10. Ne2 Qc7 11. c3 Rfe8 12. h3 Bh5 13. Qb3 a6 14. Bd3 Bg6
15. Bxg6 hxg6 16. Qd1 Rad8 17. Bd2 Rd7 18. Re1 Rde7 19. Nc1 Rxe1+ 20. Bxe1 Nd5
21. Bf2 Na5 22. Nd3 Nc4 23. Rc1 b5 24. b3 Nce3 25. Qd2 Ba3 26. Re1 Qxc3 27.
Qxc3 Nxc3 28. Nxf4 g5 29. Nxg5 Bd6 30. Rxe3 Rxe3 31. Bxe3 Bxf4 32. Bxf4 Ne2+
33. Kf2 Nxf4 34. Ne4 Kf8 35. Nc5 a5 36. a4 bxa4 37. bxa4 Ke7 38. Ke3 Nd5+ 39.
Ke4 Nc3+ 40. Kd3 Nd5 41. Kc4 Ne3+ 42. Kb5 Nxg2 43. Kc6 Ne3 44. d5 Nc4 45. Nb7
Ne5+ 46. Kc7 f5 47. d6+ Ke6 48. Nxa5 f4 49. Nb3 Kd5 50. a5 f3 51. a6 f2 1-0

[Event "North Bay int."]
[Site "North Bay CAN"]
[Date "1996.08.11"]
[Round "9"]
[White "Fiedler, Brian"]
[Black "Chu, Christopher"]
[Result "1-0"]
[WhiteElo "2285"]
[BlackElo "2183"]
[PlyCount "65"]
[EventDate "1996.08.07"]
[EventType "swiss"]
[EventRounds "9"]
[EventCountry "CAN"]

1. Nf3 d5 2. g3 Nf6 3. Bg2 e6 4. O-O Be7 5. d3 O-O 6. Nbd2 c5 7. e4 Nc6 8. e5
Nd7 9. Qe2 b5 10. Re1 a5 11. Nf1 b4 12. h4 Ba6 13. N1h2 c4 14. Bf4 a4 15. dxc4
Bxc4 16. Qd1 Qb6 17. Ng5 Bxg5 18. hxg5 Rfc8 19. Qh5 Nf8 20. Ng4 Ng6 21. Bf3 Nd4
22. Bd1 Nf5 23. Nf6+ gxf6 24. exf6 Qd8 25. Bg4 d4 26. Bxf5 exf5 27. Bd2 Rab8
28. Rad1 Bd5 29. a3 bxa3 30. bxa3 Rxc2 31. Bb4 Rxb4 32. Qh6 Qf8 33. Re8 1-0

[Event "North Bay int."]
[Site "North Bay CAN"]
[Date "1996.08.11"]
[Round "9"]
[White "Fogarasi, Norbert"]
[Black "Wen, Jean-Francois"]
[Result "1/2-1/2"]
[WhiteElo "2059"]
[BlackElo "2214"]
[PlyCount "34"]
[EventDate "1996.08.07"]
[EventType "swiss"]
[EventRounds "9"]
[EventCountry "CAN"]

1. e4 e6 2. d4 d5 3. e5 c5 4. c3 Nc6 5. Nf3 Qb6 6. Bd3 cxd4 7. cxd4 Bd7 8. O-O
Nxd4 9. Nxd4 Qxd4 10. Nc3 Qxe5 11. Re1 Qb8 12. Nxd5 Bd6 13. Qg4 Kf8 14. Bd2 h5
15. Qh3 Be8 16. Nc3 Nf6 17. Ne4 Nxe4 1/2-1/2

[Event "North Bay int."]
[Site "North Bay CAN"]
[Date "1996.08.11"]
[Round "9"]
[White "Goldenberg, Danny"]
[Black "Saleh, Maher"]
[Result "0-1"]
[WhiteElo "2371"]
[BlackElo "2280"]
[PlyCount "70"]
[EventDate "1996.08.07"]
[EventType "swiss"]
[EventRounds "9"]
[EventCountry "CAN"]

1. d4 Nf6 2. Nc3 d5 3. e4 Nxe4 4. Nxe4 dxe4 5. Bb5+ Bd7 6. Qe2 Nc6 7. Be3 e5 8.
d5 Nd4 9. Bxd4 exd4 10. Qxe4+ Qe7 11. Bd3 Qxe4+ 12. Bxe4 Bb4+ 13. Kd1 O-O-O 14.
Ne2 Rhe8 15. Bd3 Re5 16. Bc4 b5 17. a3 Ba5 18. Bd3 Rxd5 19. b4 Bb6 20. Ng3 c5
21. bxc5 Bxc5 22. f4 Re8 23. Kd2 h6 24. Rhf1 Bf8 25. f5 Rd6 26. Ne2 Re5 27. Rf4
Ra6 28. Nxd4 Rxa3 29. Rb1 a6 30. Rf3 Ra4 31. Nb3 Bb4+ 32. c3 Ra2+ 33. Kc1 Bxc3
34. Be4 Rxe4 35. Rxc3+ Rc4 0-1

[Event "North Bay int."]
[Site "North Bay CAN"]
[Date "1996.08.11"]
[Round "9"]
[White "Gordon, David"]
[Black "Ristovic, Nenad"]
[Result "1/2-1/2"]
[WhiteElo "2157"]
[BlackElo "2302"]
[PlyCount "53"]
[EventDate "1996.08.07"]
[EventType "swiss"]
[EventRounds "9"]
[EventCountry "CAN"]

1. d4 d5 2. c4 c6 3. Nf3 Nf6 4. Nc3 e6 5. Bg5 dxc4 6. e4 b5 7. e5 h6 8. Bh4 g5
9. exf6 gxh4 10. Ne5 Qxf6 11. Be2 Bg7 12. Bf3 O-O 13. Nxb5 cxb5 14. Bxa8 Nd7
15. Qe2 h3 16. gxh3 Nxe5 17. dxe5 Qxe5 18. Qxe5 Bxe5 19. O-O-O a5 20. Bc6 b4
21. Rhg1+ Kh8 22. Rg4 Ba6 23. Rd7 c3 24. b3 c2 25. Ra7 Bd3 26. Rxa5 Bg7 27. Rc4
1/2-1/2

[Event "North Bay int."]
[Site "North Bay CAN"]
[Date "1996.08.11"]
[Round "9"]
[White "Gross, Ronald"]
[Black "Cote, Jacques"]
[Result "0-1"]
[WhiteElo "2116"]
[BlackElo "2273"]
[PlyCount "98"]
[EventDate "1996.08.07"]
[EventType "swiss"]
[EventRounds "9"]
[EventCountry "CAN"]

1. d4 f5 2. Nc3 d5 3. e4 dxe4 4. Bf4 Nf6 5. Bc4 e6 6. Nge2 c6 7. O-O b5 8. Bb3
a5 9. a3 Bd6 10. f3 exf3 11. Rxf3 Ra7 12. Qd2 h6 13. Re1 g5 14. Bxd6 Qxd6 15.
Ng3 Re7 16. Rfe3 Rhh7 17. R3e2 Na6 18. Nd1 a4 19. Ba2 Nc7 20. Nf2 Ncd5 21. Nd3
Rhg7 22. c3 Nf4 23. Rf2 Nxd3 24. Qxd3 h5 25. Nf1 h4 26. Rfe2 g4 27. Re5 f4 28.
Nd2 f3 29. Ne4 Nxe4 30. Qxe4 fxg2 31. Kxg2 h3+ 32. Kh1 Bb7 33. Bxe6 c5 34. d5
Kd8 35. Kg1 Kc7 36. Qf4 Kb6 37. c4 b4 38. axb4 cxb4 39. Qd4+ Qc5 40. Qxc5+ Kxc5
41. Rd1 Kd6 42. Re4 g3 43. Rd2 Kc5 44. hxg3 Rxg3+ 45. Kh2 Rg2+ 46. Rxg2 hxg2
47. Rg4 a3 48. bxa3 bxa3 49. Rxg2 Rxe6 0-1

[Event "North Bay int."]
[Site "North Bay CAN"]
[Date "1996.08.11"]
[Round "9"]
[White "Guo, Joshua"]
[Black "Powell, Bryson"]
[Result "1/2-1/2"]
[WhiteElo "2209"]
[BlackElo "2084"]
[PlyCount "103"]
[EventDate "1996.08.07"]
[EventType "swiss"]
[EventRounds "9"]
[EventCountry "CAN"]

1. e4 c5 2. c3 d5 3. exd5 Qxd5 4. d4 e5 5. dxe5 Qxe5+ 6. Be2 Bd6 7. Nf3 Qe7 8.
O-O Nc6 9. Na3 Be6 10. Nb5 Bb8 11. Bg5 Nf6 12. Qc2 O-O 13. Rfe1 a6 14. Na3 b5
15. Rad1 Bc7 16. Bd3 h6 17. Bh4 Rad8 18. Qe2 Rd6 19. Nc2 Rfd8 20. a4 c4 21. Be4
Rxd1 22. Rxd1 Rxd1+ 23. Qxd1 Ne5 24. Nxe5 Bxe5 25. Bc6 Bxh2+ 26. Kxh2 Qc7+ 27.
Kg1 Qxc6 28. Qd8+ Ne8 29. axb5 axb5 30. Nd4 Qd7 31. Qb8 Kh7 32. Qxb5 Qxb5 33.
Nxb5 g5 34. Bg3 Kg6 35. Kf1 f5 36. Be5 Nf6 37. Nd4 Bf7 38. Bxf6 Kxf6 39. g3 Ke5
40. Ke2 Bd5 41. f3 h5 42. Ke3 h4 43. gxh4 gxh4 44. Kf2 Bb7 45. Ke3 h3 46. Kf2
h2 47. Kg2 Kf4 48. Kxh2 Bxf3 49. Kg1 Bg4 50. Kf2 Ke4 51. b3 cxb3 52. Nxb3
1/2-1/2

[Event "North Bay int."]
[Site "North Bay CAN"]
[Date "1996.08.11"]
[Round "9"]
[White "Hathaway, John"]
[Black "Kret, Ted"]
[Result "1-0"]
[WhiteElo "2188"]
[BlackElo "2242"]
[PlyCount "79"]
[EventDate "1996.08.07"]
[EventType "swiss"]
[EventRounds "9"]
[EventCountry "CAN"]

1. d4 Nf6 2. Nf3 g6 3. Bg5 Bg7 4. Nbd2 d5 5. e3 O-O 6. Be2 c5 7. c3 cxd4 8.
exd4 Bg4 9. O-O Qb6 10. Nb3 Nbd7 11. h3 Bxf3 12. Bxf3 e6 13. Re1 Rfc8 14. g4 a5
15. a4 Ne8 16. Bf4 Nd6 17. Kg2 Nc4 18. Qc2 Bf8 19. h4 Bb4 20. Bc1 Rc6 21. Kg1
Bd6 22. Nd2 Rac8 23. Nxc4 Rxc4 24. Qd1 Bb8 25. Kg2 Qd6 26. Rh1 e5 27. Be2 R4c6
28. Bb5 Rb6 29. dxe5 Nxe5 30. Be3 Rxb5 31. axb5 Nc4 32. Bd4 Nxb2 33. Qd2 Nc4
34. Qh6 f6 35. Rae1 a4 36. h5 Qd7 37. hxg6 Qxg4+ 38. Kf1 Bf4 39. gxh7+ Kh8 40.
Qxf6+ 1-0